Every Pharrell Williams Song on the Billboard Hot 100 - Statistics

General Stats
  • This quiz has been taken 41 times
    34 since last reset
  • The average score is 5 of 19
Answer Stats
# Year Song % Correct
1 2014 Happy
96%
2 2013 Get Lucky (Daft Punk)
54%
1 2013 Blurred Lines (Robin Thicke) ft. T.I.
42%
5 2003 Frontin' ft. Jay-Z
42%
1 2004 Drop It Like It's Hot (Snoop Dogg)
31%
6 2003 Beautiful (Snoop Dogg) ft. Charlie Wilson
27%
20 2017 Feels (Calvin Harris) ft. Katy Perry & Big Sean
27%
57 2006 Number One ft. Kanye West
23%
83 2018 Sangria Wine (Camila Cabello)
23%
49 2005 Can I Have It Like That ft. Gwen Stefani
19%
23 2014 Come Get It Bae
19%
79 2017 Neon Guts (Lil Uzi Vert)
15%
96 2017 Heatstroke (Calvin Harris) ft. Ariana Grande & Young Thug
12%
1 2006 Money Maker (Ludacris)
12%
46 2014 Move That Dope (Future) ft. Pusha T & Casino
12%
11 2002 Pass The Courvoisier Part II (Busta Rhymes) ft. Diddy
12%
66 2013 Feds Watching (2 Chainz)
8%
62 2009 Universal Mind Control (Common)
8%
22 2015 WTF (Where They From) (Missy Elliott)
8%
No matching quizzes found
Score Distribution
Percent of People with Each Score
Percentile by Number Answered
Your Score History
You have not taken this quiz since the last reset